000 01274nam a2200325 a 4500
001 000112949
003 CHAP
005 20220329144330.0
008 170224s2016 mx sm |||||||spa d
010 _a109410
011 _a110382
040 _cCHAP
090 _aTesis
100 1 _aEpigmenio Chávez, Alejandro
_9131586
245 1 0 _aCaracterización del potencial probiótico de bacterias ácido lácticas aisladas del queso poro de Balancán, Tabasco
_h[En línea]
_cpor Alejandro Epigmenio Chavez y José Saturnino Hernández Gutiérrez.
260 _aChapingo, Méx. :
_bEl autor,
_c2016.
500 _aPara ver el contenido del material haga clic en la liga
502 _aTesis (Ing. Agroindustrial) -- UACH. Departamento de Ingeniería Agroindustrial
590 _aE5765TAJ
_b05
_c20170224
_lUCH01
_h1200
590 _aE5765TAJ
_b05
_c20170224
_lUCH01
_h1201
650 1 4 _aBacterias acidolácticas.
_99323
650 1 4 _aProductos lácteos
_xMicrobiología.
_992146
650 1 4 _aQueso de poro
_xProbióticos.
_9131588
650 1 4 _aQueso
_xBacteriología.
_993223
700 1 _aHernández Gutiérrez, José Saturnino
_9131587
856 _aFinding aid
_uhttp://10.13.5.2/tesis/sist112949.pdf
_zTeclea aquí
901 _aBK
942 _cTESIS
942 _n0
999 _c109410
_d109410